|
|
|
|
| LEADER |
00000cam a2200000 a 4500 |
| 001 |
vtls008384960 |
| 003 |
SK-MaSNL |
| 005 |
20260301140002.0 |
| 008 |
251029s1943 xo 000 d slo |
| 015 |
|
|
|a SNBA19421945-073/1648
|
| 020 |
|
|
|q (brožované)
|
| 035 |
|
|
|a SK01SNKBKSD220010077177
|
| 035 |
|
|
|a urn:nbn:sk:snk-am3hnds
|
| 035 |
|
|
|a 0B22F7F7-FE3F-4FAD-A99D-634AE884A1D4
|
| 035 |
|
|
|a urn:nbn:sk:snk-am00cwbk
|
| 035 |
|
|
|a SKM000079640
|
| 040 |
|
|
|a SNK
|b slo
|c SNK
|e AACR2
|
| 041 |
0 |
|
|a slo
|
| 044 |
|
|
|a xo
|c SK
|
| 072 |
|
7 |
|a 821.162.4-2
|x Slovenská dráma
|2 konspekt
|
| 080 |
|
|
|a 244
|2 1981
|
| 080 |
|
|
|a 885.4-3
|2 1981
|
| 080 |
|
|
|a 821.162.4-2
|2 2011
|
| 080 |
|
|
|a (0:82-2)
|2 2011
|
| 100 |
1 |
|
|a Mattoška, Libor Jozef,
|d 1891-1958
|4 aut
|9 172897
|
| 245 |
1 |
0 |
|a Prvé a posledné sväté prijímanie
|b divadelná hra v 3 dejstvách z dôb francúzskej revolúcie r. 1789
|c podľa neznámeho autora napísal P. Libor J. Mattoška ofm.
|
| 250 |
|
|
|a druhé vydanie
|
| 260 |
|
|
|a Kremnica
|b Serafínsky svet
|c 1943
|e Zvolen
|f Andrej
|
| 300 |
|
|
|a 62 s.
|c 12°
|
| 490 |
1 |
|
|a Knižnica Serafínske javisko
|v č. 3
|
| 650 |
0 |
7 |
|a slovenská dráma
|2 SNKPH
|9 78099
|
| 650 |
0 |
7 |
|a Slovak drama
|2 SNKPHeng
|9 292723
|
| 655 |
|
7 |
|a divadelné hry
|2 SNKPH
|9 70577
|
| 655 |
|
7 |
|a Theatre plays
|2 SNKPHeng
|9 278336
|
| 830 |
|
0 |
|a Knižnica Serafínske javisko
|9 425475
|
| 852 |
|
|
|a Slovenská národná knižnica
|
| 958 |
|
|
|a RK
|
| 958 |
|
|
|a TL
|
| 958 |
|
|
|a LX
|
| 958 |
|
|
|a OND
|
| 999 |
|
|
|c 762049
|d 763979
|
| 952 |
|
|
|a SNK
|b SNK
|y PREZ
|7 0
|p 17A0732248
|o snkSE 692/3
|i snk456/45
|0 0
|1 0
|4 0
|d 2017-07-24
|f 1
|l 0
|r 2026-02-24 00:07:58
|w 2026-02-24
|